Les hanimes les plus regardĂ©s đŸ€« - Statistiques

Statistiques générales
  • Ce quiz a Ă©tĂ© pris 8 fois
  • Le rĂ©sultat moyen est 4 sur 20
Statistiques - réponses
Place Réponse % Correct
18 Euphoria
75%
19 Oni Chichi
38%
17 Bible Black
25%
5 Kaede to Suzu The Animation
25%
4 Mankitsu Happening
25%
3 Ane wa Yanmama Junyuu-chuu
13%
15 Baku Ane: Otouto Shibocchau zo !
13%
8 Eroge ! H mo Game mo Kaihatsu Zanmai
13%
2 Garden: Takamine-ke no Nirinka
13%
16 Ijirare: Fukushuu Saimin
13%
10 Isekai Harem Monogatari
13%
13 Itadaki! Seieki♄
13%
9 Kanojo x Kanojo x Kanojo:
13%
12 Koiito Kinenbi
13%
20 Maki-chan to Now
13%
1 Master Piece The Animation
13%
6 Rance 01 : Hikari wo Motomete
13%
11 Seika Jogakuin Kounin Sao Ojisan
13%
14 Tsugou no Yoi Sexfriend?
13%
7 Youkoso! Sukebe Elf no Mori e
13%
Aucun quiz correspondant
Distribution des résultats
% des personnes avec chaque résultat
Percentile par nombre de réponses
Votre historique - résultats
Vous n’avez pas pris ce quiz